[Event "POL-chT 2nd League"]
[Site "Wysowa"]
[Date "2007.09.09"]
[Round "7"]
[White "Malkowski, Artur"]
[Black "Kryjak, Andrzej"]
[Result "1/2-1/2"]
[WhiteElo "2066"]
[BlackElo "2119"]
[PlyCount "77"]
[EventDate "2007.09.03"]
[EventType "team-swiss"]
[EventRounds "9"]
[EventCountry "POL"]
[SourceTitle "EXT 2010"]
[Source "ChessBase"]
[SourceDate "2010.11.25"]
[SourceVersion "1"]
[SourceVersionDate "2010.11.25"]
[SourceQuality "1"]
[WhiteTeam "Wegrow SRSDiM"]
[BlackTeam "Szopienice HetMaN"]
[WhiteTeamCountry "POL"]
[BlackTeamCountry "POL"]

1. Nf3 Nf6 2. c4 g6 3. g3 Bg7 4. Bg2 0-0 5. 0-0 d6 6. Nc3 Nc6 7. Rb1 e5 8. b4 a6 9. a4 Re8 10. d3 h6 11. b5 axb5 12. axb5 Nd4 13. e3 Ne6 14. Bb2 c6 15. bxc6 bxc6 16. Nd2 Bd7 17. Nde4 Nxe4 18. Nxe4 Qc7 19. Ra1 f5 20. Nd2 Rxa1 21. Qxa1 Nc5 22. Qa3 Qb7 23. Ba1 Ra8 24. Qc3 Qc7 25. Qc2 Nxd3 26. Qxd3 e4 27. Qb3 Rxa1 28. Rxa1 Bxa1 29. g4 Be6 30. h4 Kh7 31. h5 Qa5 32. Qb7+ Bg7 33. hxg6+ Kxg6 34. gxf5+ Bxf5 35. Nxe4 Qa1+ 36. Kh2 Bg4 37. f4 Be5 38. Qe7 d5 39. Qe8+ 1/2-1/2

[Event "POL-chT 2nd League"]
[Site "Wysowa"]
[Date "2007.09.08"]
[Round "5"]
[White "Osipow, Nikolaj"]
[Black "Malkowski, Artur"]
[Result "1/2-1/2"]
[WhiteElo "2227"]
[BlackElo "2066"]
[PlyCount "118"]
[EventDate "2007.09.03"]
[EventType "team-swiss"]
[EventRounds "9"]
[EventCountry "POL"]
[SourceTitle "EXT 2010"]
[Source "ChessBase"]
[SourceDate "2010.11.25"]
[SourceVersion "1"]
[SourceVersionDate "2010.11.25"]
[SourceQuality "1"]
[WhiteTeam "Katowice Wasko II"]
[BlackTeam "Wegrow SRSDiM"]
[WhiteTeamCountry "POL"]
[BlackTeamCountry "POL"]

1. e4 e5 2. Nf3 Nc6 3. Nc3 Nf6 4. d4 exd4 5. Nxd4 Bb4 6. Nxc6 bxc6 7. Bd3 0-0 8. 0-0 d6 9. Bg5 h6 10. Bh4 Qe7 11. f4 Rb8 12. Qf3 Qe6 13. h3 Bxc3 14. bxc3 c5 15. Qe2 Bb7 16. e5 dxe5 17. fxe5 Nd7 18. Rae1 Rbe8 19. Bf5 Qc6 20. e6 fxe6 21. Bg6 Rxf1+ 22. Rxf1 Rf8 23. Re1 e5 24. Qc4+ Qd5 25. Qxd5+ Bxd5 26. Be7 Rb8 27. Rd1 Be6 28. a3 c4 29. Be4 Kf7 30. Bh4 Nf6 31. Rf1 Ke7 32. Bg6 Rb5 33. Rd1 Ra5 34. Bg3 Nd5 35. Bxe5 Ne3 36. Bxc7 Rxa3 37. Bd8+ Kf8 38. Re1 Bf5 39. Bxf5 Nxf5 40. g4 Rxc3 41. gxf5 Rxh3 42. Re4 Rc3 43. Re2 Kf7 44. Kf2 Rh3 45. Ke1 h5 46. Re7+ Kf8 47. Rxa7 h4 48. Bb6 Rf3 49. Bd4 Rxf5 50. Rxg7 Rf4 51. Be3 Re4 52. Rh7 Rxe3+ 53. Kf2 Rh3 54. Kg2 Rc3 55. Rxh4 Ke7 56. Kf2 Kf6 57. Ke2 Rxc2+ 58. Kf1 Rc3 59. Ke2 Rd3 1/2-1/2

[Event "POL-chT Liga Mazowiecka 2006/07"]
[Site "Poland"]
[Date "2006.11.05"]
[Round "2.3"]
[White "Jasik, Andrzej"]
[Black "Malkowski, Artur"]
[Result "0-1"]
[WhiteElo "2000"]
[BlackElo "2065"]
[PlyCount "117"]
[EventDate "2006.10.22"]
[EventType "team-swiss"]
[EventRounds "9"]
[EventCountry "POL"]
[SourceTitle "EXT 2011"]
[Source "ChessBase"]
[SourceDate "2010.11.26"]
[SourceVersion "1"]
[SourceVersionDate "2010.11.26"]
[SourceQuality "1"]
[WhiteTeam "Ostroleka Wieza"]
[BlackTeam "Wegrow SRSDiM"]
[WhiteTeamCountry "POL"]
[BlackTeamCountry "POL"]

1. Nf3 Nf6 2. g3 d5 3. Bg2 c5 4. d4 cxd4 5. Nxd4 e5 6. Nf3 Nc6 7. c3 Be7 8. 0-0 0-0 9. Nbd2 Bf5 10. Nh4 Be6 11. e4 Nxe4 12. Nxe4 dxe4 13. Qxd8 Raxd8 14. Bxe4 f5 15. Bxc6 bxc6 16. Nf3 Bf6 17. Bg5 Rd3 18. Ne1 Rd7 19. Bxf6 gxf6 20. b3 Rfd8 21. c4 f4 22. Ng2 Bh3 23. Rfe1 Kf7 24. Rac1 Ke6 25. Rc3 Kf5 26. gxf4 Bxg2 27. Kxg2 Kxf4 28. Rf3+ Kg5 29. h4+ Kg6 30. h5+ Kg5 31. Rg3+ Kf5 32. h6 Rd4 33. Ree3 Rh4 34. Rg7 Rxh6 35. Rxa7 Rg6+ 36. Rg3 Rxg3+ 37. Kxg3 Rd3+ 38. Kg2 h5 39. Rc7 Rd2 40. Rxc6 e4 41. Kg3 h4+ 42. Kxh4 Rxf2 43. Kg3 Rxa2 44. Rc5+ Ke6 45. Kf4 f5 46. b4 Rf2+ 47. Ke3 Rf3+ 48. Ke2 f4 49. Rc8 Rb3 50. Re8+ Kf5 51. b5 Rb2+ 52. Ke1 f3 53. Rf8+ Ke5 54. Re8+ Kd4 55. Re6 Ke3 56. Kd1 f2 57. Rf6 Rb4 58. b6 Rxb6 59. Rxb6 0-1

[Event "Mazowieckie-chT 0506"]
[Site "Poland"]
[Date "2006.01.29"]
[Round "8"]
[White "Malkowski, Artur"]
[Black "Pazderski, Ziemowit"]
[Result "0-1"]
[WhiteElo "2049"]
[BlackElo "2176"]
[PlyCount "132"]
[EventDate "2005.10.09"]
[EventType "team-tourn"]
[EventRounds "9"]
[EventCountry "POL"]
[SourceTitle "EXT 2019"]
[Source "ChessBase"]
[SourceDate "2018.10.10"]
[SourceVersion "1"]
[SourceVersionDate "2018.10.10"]
[SourceQuality "1"]

1. Nf3 c5 2. e4 Nc6 3. d4 cxd4 4. Nxd4 Nf6 5. Nc3 e5 6. Ndb5 d6 7. Bg5 a6 8. Na3 b5 9. Nd5 Be7 10. Bxf6 Bxf6 11. c3 Ne7 12. Nxf6+ gxf6 13. Qf3 f5 14. exf5 Bxf5 15. Rd1 d5 16. Qg3 Qd6 17. f3 Rg8 18. Qf2 b4 19. Nc4 Qc7 20. Ne3 bxc3 21. Nxf5 Nxf5 22. Bd3 Nd4 23. 0-0 Ne6 24. Bxh7 Rg7 25. Bf5 cxb2 26. Qxb2 Rb8 27. Qa3 Qb6+ 28. Kh1 Qb2 29. Qa4+ Ke7 30. Qh4+ f6 31. Rf2 Qb6 32. Re2 Qb4 33. Qh6 Qf4 34. Qxf4 Nxf4 35. Rc2 Kd6 36. g3 Ng6 37. Rdc1 Ne7 38. Bd3 Rb6 39. Rc7 Nf5 40. Rc8 Nd4 41. Rf8 Ke6 42. Rcc8 Nxf3 43. Rce8+ Re7 44. Ra8 e4 45. Rxa6 Rxa6 46. Bxa6 Ra7 47. Be2 Rxa2 48. Bxf3 exf3 49. Kg1 d4 50. Rd8 Ke5 51. h4 Rg2+ 52. Kf1 Rxg3 53. Kf2 Rh3 54. Re8+ Kf4 55. Rd8 Rh2+ 56. Kg1 Rg2+ 57. Kf1 Ke3 58. Re8+ Kd2 59. Re6 Rh2 60. Rxf6 Rxh4 61. Rxf3 d3 62. Rf8 Rd4 63. Rf7 Kd1 64. Kf2 Rd8 65. Ke3 d2 66. Ra7 Ke1 0-1

[Event "Mazowieckie-chT 0506"]
[Site "Poland"]
[Date "2006.01.22"]
[Round "9"]
[White "Miler, Piotr"]
[Black "Malkowski, Artur"]
[Result "1-0"]
[WhiteElo "2000"]
[BlackElo "2049"]
[PlyCount "77"]
[EventDate "2005.10.09"]
[EventType "team-tourn"]
[EventRounds "9"]
[EventCountry "POL"]
[SourceTitle "EXT 2019"]
[Source "ChessBase"]
[SourceDate "2018.10.10"]
[SourceVersion "1"]
[SourceVersionDate "2018.10.10"]
[SourceQuality "1"]

1. e4 Nf6 2. e5 Nd5 3. d4 d6 4. Nf3 Bg4 5. Be2 e6 6. c4 Nb6 7. exd6 cxd6 8. 0-0 Be7 9. Nc3 0-0 10. a4 Qc8 11. b3 a5 12. Be3 N8d7 13. Rc1 f5 14. Qd2 Qe8 15. h3 Bh5 16. Rfe1 Qf7 17. Bf4 h6 18. Nb5 Nc8 19. c5 g5 20. cxd6 Bf6 21. Bc4 Re8 22. Be5 Bxf3 23. gxf3 Bd8 24. d5 Nxe5 25. Rxe5 Nb6 26. dxe6 Qf6 27. Rce1 Nxc4 28. bxc4 g4 29. Qd5 gxf3 30. Kh2 Kh7 31. Rxf5 Qh4 32. Rf7+ Kg8 33. Rxf3 Bg5 34. e7+ Kh8 35. Qe5+ Kh7 36. Rf7+ Kg6 37. Qf5+ Kh5 38. Qf3+ Kg6 39. Re6+ 1-0

[Event "Mazowieckie-chT 0506"]
[Site "Poland"]
[Date "2006.01.08"]
[Round "7"]
[White "Malkowski, Artur"]
[Black "Sliwinski, Marcin"]
[Result "1-0"]
[WhiteElo "2049"]
[BlackElo "2156"]
[PlyCount "113"]
[EventDate "2005.10.09"]
[EventType "team-tourn"]
[EventRounds "9"]
[EventCountry "POL"]
[SourceTitle "EXT 2019"]
[Source "ChessBase"]
[SourceDate "2018.10.10"]
[SourceVersion "1"]
[SourceVersionDate "2018.10.10"]
[SourceQuality "1"]

1. Nf3 f5 2. e4 d6 3. Nc3 Nf6 4. e5 dxe5 5. Nxe5 e6 6. d4 Bb4 7. Bc4 c5 8. 0-0 Nc6 9. Nxc6 bxc6 10. Ne2 cxd4 11. Nxd4 Qd6 12. Nxe6 Bxe6 13. Qxd6 Bxd6 14. Bxe6 f4 15. Re1 Kd8 16. Bd2 Kc7 17. Rad1 Kb7 18. Ba5 Bc7 19. Bxc7 Kxc7 20. f3 Rad8 21. Bc4 Rxd1 22. Rxd1 Re8 23. Kf2 g5 24. h4 g4 25. Rd4 gxf3 26. gxf3 Nd7 27. Rxf4 Ne5 28. Be2 Re7 29. Ra4 Kd6 30. f4 Rf7 31. Ke3 Ng6 32. h5 Ne7 33. Rd4+ Kc7 34. Bd3 Nf5+ 35. Bxf5 Rxf5 36. h6 Rh5 37. Ke4 Rxh6 38. Ke5 Rh2 39. f5 Rxc2 40. f6 Re2+ 41. Kf5 Rxb2 42. f7 Rb8 43. Rh4 Kd6 44. Kf6 c5 45. Rxh7 Kd5 46. Kg7 a5 47. Rh8 Rb7 48. Ra8 c4 49. Rxa5+ Kd4 50. Kf6 Rb8 51. Ra7 c3 52. Rc7 Rb2 53. a4 Rf2+ 54. Ke6 Re2+ 55. Kd6 Rf2 56. a5 c2 57. Ke7 1-0

[Event "Mazowieckie-chT 0506"]
[Site "Poland"]
[Date "2005.11.06"]
[Round "3"]
[White "Olejarczyk, Bogdan"]
[Black "Malkowski, Artur"]
[Result "1/2-1/2"]
[WhiteElo "2197"]
[BlackElo "2049"]
[PlyCount "109"]
[EventDate "2005.10.09"]
[EventType "team-tourn"]
[EventRounds "9"]
[EventCountry "POL"]
[SourceTitle "EXT 2019"]
[Source "ChessBase"]
[SourceDate "2018.10.10"]
[SourceVersion "1"]
[SourceVersionDate "2018.10.10"]
[SourceQuality "1"]

1. e4 Nf6 2. e5 Nd5 3. d4 d6 4. Nf3 Bg4 5. Bc4 e6 6. 0-0 Be7 7. Re1 0-0 8. h3 Bh5 9. Nbd2 Nc6 10. c3 dxe5 11. dxe5 Nf4 12. Re4 Nd3 13. Qf1 Nxc1 14. Rxc1 Qd7 15. Rd1 Rfd8 16. Ree1 Qe8 17. Qe2 a6 18. b4 Bf8 19. g4 Bg6 20. Nf1 Rxd1 21. Rxd1 Rd8 22. Ng3 Rxd1+ 23. Qxd1 Qd8 24. Qxd8 Nxd8 25. Nd2 Bc2 26. f4 Nc6 27. Nge4 Be7 28. g5 a5 29. a3 Bd8 30. Kf2 axb4 31. axb4 Ne7 32. Nc5 b5 33. Ba2 c6 34. Nd7 Bf5 35. Kg2 Bc7 36. Nf1 Be4+ 37. Kf2 Bf5 38. Kg3 Nd5 39. Bxd5 exd5 40. Nc5 Bb6 41. Ne3 Bb1 42. Kf3 Bxc5 43. bxc5 Kf8 44. Nf1 Ke7 45. Nd2 Bc2 46. Ke3 Bf5 47. h4 Bc2 48. Nf3 Bf5 49. Nd4 Bd7 50. f5 f6 51. exf6+ gxf6 52. Kf4 Kf7 53. Kg4 Be8 54. Kf4 Kg7 55. Kg4 1/2-1/2

[Event "Mazowieckie-chT 0405"]
[Site "Poland"]
[Date "2004.11.21"]
[Round "4"]
[White "Malkowski, Artur"]
[Black "Dudzik, Leszek"]
[Result "0-1"]
[WhiteElo "2000"]
[BlackElo "2000"]
[PlyCount "100"]
[EventDate "2004.10.03"]
[EventType "team-tourn"]
[EventRounds "10"]
[EventCountry "POL"]
[SourceTitle "EXT 2019"]
[Source "ChessBase"]
[SourceDate "2018.10.10"]
[SourceVersion "1"]
[SourceVersionDate "2018.10.10"]
[SourceQuality "1"]

1. Nf3 Nf6 2. c4 g6 3. g3 Bg7 4. Bg2 0-0 5. Nc3 c5 6. 0-0 Nc6 7. d4 cxd4 8. Nxd4 Qb6 9. Nb3 d6 10. e4 Bg4 11. Nd5 Bxd1 12. Nxb6 Bxb3 13. Nxa8 Bxc4 14. Nc7 Bxf1 15. Kxf1 a6 16. f4 Rc8 17. Nd5 Nxd5 18. exd5 Nb4 19. Bd2 Nd3 20. Rb1 Nxb2 21. Re1 Kf8 22. Rc1 Rxc1+ 23. Bxc1 Nc4 24. Bh3 Ke8 25. Bc8 Na5 26. Be3 Kd8 27. Bh3 Kc7 28. Ke2 b5 29. Kd3 Nc4 30. Bf2 a5 31. g4 h6 32. Be1 Bf6 33. Bf1 a4 34. h4 Kb6 35. g5 hxg5 36. hxg5 Bb2 37. Bf2+ Ka6 38. Kc2 Ba3 39. Bh3 Bc5 40. Be1 Ne3+ 41. Kd3 Nxd5 42. Bg3 Nb4+ 43. Kc3 Nxa2+ 44. Kb2 Nb4 45. Bd7 Be3 46. Be8 Nd3+ 47. Kc3 Bxf4 48. Bh4 Ne5 49. Kb4 Bd2+ 50. Ka3 Ka5 0-1

[Event "Mazowieckie-chT 0405"]
[Site "Poland"]
[Date "2004.10.17"]
[Round "2"]
[White "Hunka, Romuald"]
[Black "Malkowski, Artur"]
[Result "1-0"]
[WhiteElo "2200"]
[BlackElo "2000"]
[PlyCount "103"]
[EventDate "2004.10.03"]
[EventType "team-tourn"]
[EventRounds "10"]
[EventCountry "POL"]
[SourceTitle "EXT 2019"]
[Source "ChessBase"]
[SourceDate "2018.10.10"]
[SourceVersion "1"]
[SourceVersionDate "2018.10.10"]
[SourceQuality "1"]

1. Nf3 Nf6 2. g3 e6 3. Bg2 d5 4. 0-0 Be7 5. c4 0-0 6. d4 Nbd7 7. b3 dxc4 8. bxc4 c5 9. e3 Qc7 10. Ba3 Nb6 11. Qc2 cxd4 12. exd4 Bxa3 13. Nxa3 Bd7 14. Ne5 Ba4 15. Qb2 Nfd7 16. Nxd7 Qxd7 17. Rab1 Rab8 18. c5 Nd5 19. Nc4 Rfd8 20. Ne5 Qe8 21. Rfc1 b6 22. Qa3 bxc5 23. dxc5 Rxb1 24. Rxb1 f6 25. Nc4 Qd7 26. Nd6 Bc6 27. Qa5 Ne7 28. Bxc6 Nxc6 29. Qa4 Rc8 30. Nxc8 Qxc8 31. Qb3 Qd7 32. Rd1 Nd4 33. Qb8+ Kf7 34. Qd6 Qxd6 35. cxd6 e5 36. Rb1 Ke6 37. Rb7 Kxd6 38. Rxa7 Ne6 39. a4 Nc7 40. Rb7 Kc6 41. Rb1 h5 42. h4 Kc5 43. a5 g5 44. Rb7 Nd5 45. a6 Kc6 46. g4 gxh4 47. gxh5 Nc7 48. Rb1 Kd5 49. a7 Ke6 50. Rc1 Na8 51. Rc8 Nb6 52. Rb8 1-0